Solution of prob in strength of materials (Record no. 314117)

000 -LEADER
fixed length control field 00341 a2200145 4500
001 - CONTROL NUMBER
control field 79044
082 ## - DEWEY DECIMAL CLASSIFICATION NUMBER
Classification number 620.112 URR
090 ## - LOCALLY ASSIGNED LC-TYPE CALL NUMBER (OCLC); LOCAL CALL NUMBER (RLIN)
-- 39534
-- 39534
100 ## - MAIN ENTRY--PERSONAL NAME
Personal name Urry, S A
245 ## - TITLE STATEMENT
Title Solution of prob in strength of materials
Medium English
250 ## - EDITION STATEMENT
Edition statement 1
260 ## - PUBLICATION, DISTRIBUTION, ETC.
Name of publisher, distributor, etc. Mc Graw Hill
Date of publication, distribution, etc. 1971
500 ## - GENERAL NOTE
General note General Books
505 ## - FORMATTED CONTENTS NOTE
Formatted contents note AHQ Books
942 ## - ADDED ENTRY ELEMENTS (KOHA)
Institution code [OBSOLETE] NUST-CAE
Call number prefix 620.112 URR
Holdings
Withdrawn status Lost status Damaged status Not for loan Collection code Permanent Location Current Location Date acquired Total Checkouts Full call number Barcode Date last seen Price effective from Koha item type
          College of Aeronautical Engineering (CAE) College of Aeronautical Engineering (CAE) 04/03/2017   620.112 URR CAE13578 04/05/2017 04/05/2017 Book
© 2023 Central Library, National University of Sciences and Technology. All Rights Reserved.